Statistics for Irish determiners

Click here to take the quiz!

General Stats

  • This quiz has been taken 18 times
  • The average score is 5 of 28

Answer Stats

HintAnswer% Correct
all 1gach
100%
both 1an dá
50%
any 1aon
50%
firstcéad
50%
few 2cúpla
50%
forever 2go brach
50%
forever 1go deo
50%
many 1go leor
50%
forever 3i gconaí
50%
many 2a lán
0%
onlyan t-aon
0%
both 2araon
0%
any 2ar bith
0%
all 2ar fad
0%
few 1beagan
0%
whichcé acu
0%
last 3déanach
0%
last 1deireanach
0%
last 2deiridh
0%
few 3dornán
0%
enoughdóthain
0%
anothereile
0%
fewest/ leastis lú
0%
many 3mórán
0%
ever/neverriamh
0%
someroinnt
0%
all 4uile
0%
all 3uilig
0%

Score Distribution

Percentile by Number Answered

Percent of People with Each Score

Your Score History

You have not taken this quiz